| 000 | 02103cam a2200469 a 4500 | ||
|---|---|---|---|
| 999 |
_c532420 _d532420 |
||
| 001 | 13682494 | ||
| 003 | NUST | ||
| 005 | 20191120120226.0 | ||
| 008 | 040517s1998 uy a 000 0 spa d | ||
| 010 | _a 2004340102 | ||
| 020 | _a9974754135 | ||
| 035 | _a(DLCov) 2004340102 | ||
| 035 | _a(OCoLC)ocm42023710 | ||
| 038 | _awaseem | ||
| 040 |
_aFUG _cFUG _dDLC |
||
| 041 | 0 |
_aspa _aeng |
|
| 042 | _alccopycat | ||
| 043 | _as-uy--- | ||
| 050 | 0 | 0 |
_aNA4415.U82 _bM6635 1998 |
| 082 |
_a720 _bCAR |
||
| 100 | 1 |
_aCarbajal, Miguel. _925923 |
|
| 245 | 1 | 0 |
_aPalacio Legislativo : _bla estética democrática / _cMiguel Carbajal, investigación y textos ; Héctor Testoni, Julio Testoni, fotografía ; Pablo Marks, asesor de producción = Palacio Legislativo : aesthetics and democracy / Miguel Carbajal, research and texts ; Héctor Testoni, Julio Testoni, photos ; Pablo Marks, production advisor. |
| 246 | 3 | 1 | _aPalacio Legislativo : aesthetics and democracy |
| 250 | _a1a. ed. | ||
| 260 |
_aMontevideo, Uruguay : _bTestoni Studios : _bGalería Latina, _c[1998] |
||
| 300 |
_a197 p. : _bill. (chiefly col.) ; _c34 cm. |
||
| 500 | _a"Hugo Batalla. Las razones de una desigualdad = Reasons for a singularity ; Hugo Fernández Faingold. Homenaje a Hugo Batalla Parentino = Homage to Hugo Batalla parentino ; Jaime Trobo. La gran expresión ciudadana = The expression of the people." | ||
| 546 | _aSpanish and English. | ||
| 610 | 2 | 0 |
_aPalacio Legislativo (Montevideo, Uruguay) _925924 |
| 650 | 0 |
_aPublic buildings _zUruguay _zMontevideo. _925925 |
|
| 650 | 0 |
_aPublic art _zUruguay _zMontevideo. _925926 |
|
| 650 | 0 |
_aArchitecture _zUruguay _zMontevideo _xHistory _y20th century. _925927 |
|
| 651 | 0 |
_aMontevideo (Uruguay) _xBuildings, structures, etc. _925928 |
|
| 700 | 1 |
_aTestoni, Héctor. _925697 |
|
| 700 | 1 |
_aTestoni, Julio. _925698 |
|
| 700 | 1 |
_aBatalla, Hugo. _925929 |
|
| 700 | 1 |
_aFernández Faingold, Hugo. _925930 |
|
| 700 | 1 |
_aTrobo, Jaime. _925931 |
|
| 906 |
_a7 _bcbc _ccopycat _d3 _encip _f20 _gy-gencatlg |
||
| 942 |
_2ddc _cBK |
||